Jakost v marketingových informacích

Hodnotenie akosti marketingových informácií. Praktická prípadová štúdia o metódach zabezpečenia akosti informácií. Bezpečnosť ako súčasť akosti informácie. Požiadavky na akosť marketingových informácií. Zjednodušené znázornenie procesu práce s informáciami.

Guardado en:
Detalles Bibliográficos
Autor principal: Křepelková, H.
Formato: Capítulo de libro
Lenguaje:checo
Materias:
Etiquetas: Agregar Etiqueta
Sin Etiquetas, Sea el primero en etiquetar este registro!

MARC

LEADER 00000naa a2200000 4500
001 r021884
005 20230607095744.4
041 0 |a cze 
044 |a CZ 
245 1 0 |a Jakost v marketingových informacích  |c H. Křepelková 
520 |a Hodnotenie akosti marketingových informácií. Praktická prípadová štúdia o metódach zabezpečenia akosti informácií. Bezpečnosť ako súčasť akosti informácie. Požiadavky na akosť marketingových informácií. Zjednodušené znázornenie procesu práce s informáciami. 
610 2 0 |a USA 
610 2 0 |a Európska únia 
610 2 0 |a Česko 
610 2 0 |a marketing 
610 2 0 |a komunikácia 
610 2 0 |a informácie 
610 2 0 |a kvalita 
610 2 0 |a štúdie prípadové 
100 1 |a Křepelková, H.